Sehenswürdigkeiten weltweit - Statistiken

Allgemein
  • Dieses Quiz wurde 196 mal gespielt
  • Das Durchschnittsergebnis liegt bei 7 aus 15
Antwortstatistiken
Hint Antwort % Korrekt
Kolosseum Rom
95%
Burj Khalifa Dubai
77%
Sagrada Família Barcelona
74%
Acropolis und Parthnenon Athen
72%
Siegessäule Berlin
72%
Golden Gate Bridge San Francisco
72%
Frauenkirche Dresden
57%
Zugspitze Garmisch-Patenkirchen
28%
Taj Mahal Agra
27%
Römerberg Frankfurt am Main
27%
Grand Canyon Flagstaff, Arizona
22%
Niagarafälle Niagara Falls, Ontario (Kanada) & Niagara Falls, New York (USA)
21%
Machu Picchu Cusco
8%
Tetraeder Bottrop
7%
Schloss Neuschwanstein Schwangau
7%
Keine übereinstimmenden Quizze gefunden
Verteilung der Resultate
Anzahl Personen mit jedem Resultat
Perzentil nach korrekt beantworteten Fragen
Ihre Resultats-Entwicklung
Sie haben dieses Quiz noch nicht gespielt